Asbestos related claims and professional indemnity insurance (Record no. 74751)

MARC details
000 -LEADER
fixed length control field 01576cab a2200241 4500
001 - CONTROL NUMBER
control field ABS68645
008 - FIXED-LENGTH DATA ELEMENTS--GENERAL INFORMATION
fixed length control field 050125n2005 000 0 eng u
035 ## - SYSTEM CONTROL NUMBER
System control number (Sirsi) u128605
110 ## - MAIN ENTRY--CORPORATE NAME
Corporate name or jurisdiction name as entry element Construction Industry Council
9 (RLIN) 2417
245 ## - TITLE STATEMENT
Title Asbestos related claims and professional indemnity insurance
260 ## - PUBLICATION, DISTRIBUTION, ETC.
Date of publication, distribution, etc. 2005
490 ## - SERIES STATEMENT
Series statement Civil Engineering Surveyor
Volume/sequential designation December/January 2005, 23(1)
520 ## - SUMMARY, ETC.
Summary, etc. Describes how asbestos related risks are now excluded from virtually all professional indemnity insurance policies and the consequences this has for consultants. Notes that some cover is available for consultants including a cost inclusive aggregate amount and for negligence claims only. Examines what can be done under Reg 4 of the Control of Asbestos at Work Regulations 2002 which apply to non-domestic premises. It sets out specific steps that a dutyholder has to take in relation to the assessment and in the event that asbestos is found. Argues that both consultants and clients need to realistically assess the risks and the availability of insurance cover. There must be clear terms of engagement regarding the scope of the consultants' duties and any limitation on consultants' liability should be agreed.
590 ## - LOCAL NOTE (RLIN)
Local note ABS
650 ## - SUBJECT ADDED ENTRY--TOPICAL TERM
Topical term or geographic name entry element CONTROL OF ASBESTOS AT WORK REGULATIONS 2002 REG 4
650 ## - SUBJECT ADDED ENTRY--TOPICAL TERM
Topical term or geographic name entry element PROFESSIONAL INDEMNITY INSURANCE
650 ## - SUBJECT ADDED ENTRY--TOPICAL TERM
Topical term or geographic name entry element INSURANCE COVER
650 ## - SUBJECT ADDED ENTRY--TOPICAL TERM
Topical term or geographic name entry element LIABILITY
650 ## - SUBJECT ADDED ENTRY--TOPICAL TERM
Topical term or geographic name entry element CONSTRUCTION CONSULTANTS
650 ## - SUBJECT ADDED ENTRY--TOPICAL TERM
Topical term or geographic name entry element MANAGEMENT-HEALTH AND SAFETY-HAZARDOUS SUBSTANCES-ASBESTOS
690 ## - LOCAL SUBJECT ADDED ENTRY--TOPICAL TERM (OCLC, RLIN)
Topical term or geographic name as entry element Insurance
9 (RLIN) 6249
942 ## - ADDED ENTRY ELEMENTS (KOHA)
Suppress in OPAC 0
Holdings
Withdrawn status Lost status Source of classification or shelving scheme Damaged status Not for loan Home library Current library Shelving location Date acquired Total Checkouts Full call number Barcode Date last seen Copy number Price effective from Koha item type
    Dewey Decimal Classification     London London Journal article 25/01/2005   ABS68645 128605-1001 06/08/2019 1 06/08/2019 Journal article